[Event "FRA-chT rapid"]
[Site "Cappelle la Grande"]
[Date "2025.04.19"]
[Round "2.4"]
[White "Guliyev, Namig"]
[Black "Jackson, Daniel"]
[Result "1-0"]
[WhiteElo "2479"]
[BlackElo "1912"]
[PlyCount "33"]
[EventDate "2025.04.19"]
[EventType "team-swiss (rapid)"]
[EventRounds "15"]
[EventCountry "FRA"]
[SourceTitle "CB17_2025"]
[SourceDate "2025.04.23"]
[SourceVersion "1"]
[SourceVersionDate "2025.04.23"]
[SourceQuality "1"]

1. e4 c5 2. Nf3 g6 3. d4 cxd4 4. Nxd4 Bg7 5. Nc3 Nc6 6. Be3 Nf6 7. Nxc6 bxc6 8. e5 Ng8 9. Bd4 e6 10. Ne4 d5 11. exd6 Nf6 12. Qf3 Nxe4 13. Bxg7 Qa5+ 14. c3 Rg8 15. Qxe4 Rxg7 16. Qxc6+ Kd8 17. Qxa8 1-0

[Event "Riscle-C"]
[Site "Riscle"]
[Date "2018.08.07"]
[Round "2"]
[White "Jackson, Daniel"]
[Black "Tholey, Jean Paul"]
[Result "1-0"]
[WhiteElo "1764"]
[BlackElo "1803"]
[PlyCount "45"]
[EventDate "2018.08.06"]
[EventType "tourn"]
[EventRounds "7"]
[EventCountry "FRA"]
[SourceTitle "EXT 2020"]
[Source "ChessBase"]
[SourceDate "2019.10.17"]
[SourceVersion "1"]
[SourceVersionDate "2019.10.17"]
[SourceQuality "1"]

1. d4 Nf6 2. c4 g6 3. Nc3 d5 4. Nf3 Bg7 5. Bf4 0-0 6. e3 c5 7. Be2 Qa5 8. 0-0 Rd8 9. Qb3 cxd4 10. exd4 Nc6 11. Nb5 Ne8 12. cxd5 Nb8 13. Rac1 Na6 14. Bc4 Nd6 15. Nxd6 exd6 16. Bxa6 bxa6 17. Rc6 Bf8 18. a4 Bd7 19. Bd2 Rdb8 20. Qxb8 Rxb8 21. Bxa5 Bxc6 22. dxc6 d5 23. c7 1-0

[Event "Riscle-B"]
[Site "Riscle"]
[Date "2017.08.07"]
[Round "4"]
[White "Jackson, Daniel"]
[Black "Gonzalez, Loic"]
[Result "1/2-1/2"]
[WhiteElo "1754"]
[BlackElo "1869"]
[PlyCount "27"]
[EventDate "2017.08.07"]
[EventType "tourn"]
[EventRounds "7"]
[EventCountry "FRA"]
[SourceTitle "EXT 2019"]
[Source "ChessBase"]
[SourceDate "2018.10.10"]
[SourceVersion "1"]
[SourceVersionDate "2018.10.10"]
[SourceQuality "1"]

1. e4 e5 2. Nf3 Nc6 3. Bc4 Nf6 4. Nc3 Nxe4 5. Nxe4 d5 6. Bxd5 Qxd5 7. Nc3 Qd8 8. 0-0 Be7 9. h3 0-0 10. Re1 Bf6 11. d3 Bf5 12. Ne4 Re8 13. Nxf6+ Qxf6 14. Bd2 1/2-1/2

[Event "Saint Affrique op 22nd"]
[Site "Saint Affrique"]
[Date "2014.07.19"]
[Round "1"]
[White "Jackson, Daniel"]
[Black "Mouton, Aline"]
[Result "1-0"]
[WhiteElo "1657"]
[BlackElo "1010"]
[PlyCount "21"]
[EventDate "2014.07.19"]
[EventType "swiss"]
[EventRounds "9"]
[EventCountry "FRA"]
[SourceTitle "CBM 161 Extra"]
[Source "ChessBase"]
[SourceDate "2014.08.29"]
[SourceVersion "1"]
[SourceVersionDate "2014.08.29"]
[SourceQuality "1"]

1. d4 d5 2. Nf3 Nf6 3. Bf4 e6 4. c4 Bb4+ 5. Nc3 0-0 6. Rc1 Ne4 7. e3 Nxc3 8. bxc3 c6 9. cxb4 dxc4 10. Bxc4 b5 11. Bd3 1-0